• 首页
  • 本馆介绍
  • 公告通知
  • 最新文献
  • 馆藏检索
  • 电子资源
  • 读者导购
  • 参考咨询
  • 我的图书馆
  • 登录
  • 详细信息显示
  • 放入我的书架
  • 预约/预借图书
  • 作者相关作品
  • 分类相关作品
  • 丛书相关作品
  • 出版社相关作品

书目信息

  • 表格格式
  • 工作单格式
  • 卡片格式
题名:
远程学习的评估与实施
    
 
作者: FranceBelanger , DianneH。Jordan ;丁兴富 译
分册:  
出版信息: 北京   中国轻工业  2003
页数: 268页
开本: 19cm
丛书名: 基础教育改革与发展译丛
单 册:
中图分类: G720
科图分类:
主题词: 教育--类型
电子资源:
ISBN: 7-5019-3776-1
000 00827nam0 2200241 450
001 0753865015
005 20070818145745.01
010    @a7-5019-3776-1@d¥16.00
100    @a20070818d km y0chiy0120 ea
101 0  @achi
200 1  @a远程学习的评估与实施@Ayuan cheng xue xi de ping gu yu shi shi@e技术、工具和技巧@f(美)FranceBelanger,DianneH。Jordan@F(mei)FranceBelanger,DianneH。Jordan@g丁兴富译@Gding xing fu yi
210    @a北京@c中国轻工业@d2003
215    @a268页@d19cm
225 2  @a基础教育改革与发展译丛
410  0 @12001 @a基础教育改革与发展译丛
517 1  @a技术、工具和技巧@Aji shu、gong ju he ji qiao
606 0  @a教育@x类型
690    @aG720@v3
701  0 @aFranceBelanger
701  0 @aDianneH。Jordan
702  0 @a丁兴富@Ading xing fu@4译
801  0 @aCN@bPFT@c20070818
905    @a213230@dG720@ee168@f1
    
    远程学习的评估与实施:技术、工具和技巧/(美)FranceBelanger,DianneH。Jordan/丁兴富译.-北京:中国轻工业,2003
    268页;19cm.-(基础教育改革与发展译丛)
    
    
    ISBN 7-5019-3776-1:¥16.00
    
●
相关链接 在E读中查询图书 在五车中查询图书 在当当中查询图书 在豆瓣中查询图书


正题名:远程学习的评估与实施     索取号:G720/e168         预约/预借

序号 登录号 条形码 馆藏地/架位号 状态 备注
1 6303360   263033602   教育系资料室/ [索取号:G720/e168] 在馆    
唐山师范学院图书馆 欢迎您!
大连网信软件有限公司© 版权所有